Las mujeres de la revolución francesa

Na minha lista:
Detalhes bibliográficos
Autor principal: Kelly, Linda (Author)
Formato: Livro
Idioma:espanhol
Publicado em: Buenos Aires Javier Vergara 1989
Assuntos:
Tags: Adicionar Tag
Sem tags, seja o primeiro a adicionar uma tag!

MARC

LEADER 00000nam a2200000 a 4500
001 UCX2246
003 CL-VaPUC
008 910412e19890000AG |||||||||||||||||spa|d
020 |a 9501509125 
082 0 4 |a 920.72  |b KEL  |2 21 
100 0 |a Kelly, Linda  |e author  |9 318113 
245 1 4 |a Las mujeres de la revolución francesa 
300 |a 239 p 
942 |c BK 
945 |d 19910412 00:00:00 
260 |a Buenos Aires  |b Javier Vergara  |c 1989 
650 0 |a Mujeres  |9 257649 
650 7 |a HISTORIA REVOLUCION 1789-1799  |2 CL-VaPUC  |9 266279 
651 0 |a Francia  |9 255157 
583 |a last modification  |c 19910412 00:00:00  |k Rodrigo Vera 
999 |c 223309  |d 223307 
952 |0 0  |1 0  |4 0  |6 920_720000000000000_KEL_1989  |7 0  |8 A  |9 218945  |a BIBHIS  |b BIBHIS  |d 2019-11-15  |i 2877481  |l 3  |m 1  |o 920.72 KEL 1989  |p 2877481  |r 2025-01-20  |s 2023-11-28  |w 2019-11-15  |y BK  |k HIS 
952 |0 0  |1 0  |4 0  |6 920_720000000000000_KEL_1989  |7 0  |8 A  |9 218946  |a BIBEDU  |b BIBEDU  |d 2019-11-15  |i 466308K  |o 920.72 KEL 1989  |p 466308K  |r 2019-11-15  |w 2019-11-15  |y BK  |k LIT